Táctica y estrategia en las defensas penales

Uloženo v:
Podrobná bibliografie
Hlavní autor: Pozo Silva, Nelson (Autor)
Médium: Kniha
Jazyk:španělština
Vydáno: Santiago Sociedad Editora Metropolitana 2003
Témata:
Tagy: Přidat tag
Žádné tagy, Buďte první, kdo vytvoří štítek k tomuto záznamu!

MARC

LEADER 00000nam a2200000 a 4500
001 UCI3936
003 CL-VaPUC
008 071207e20030000CL |||||||||||||||||spa|d
020 |a 9562860418 
082 0 4 |a 345.8305  |b POZ  |2 21 
100 0 |a Pozo Silva, Nelson  |e author  |9 525523 
245 1 0 |a Táctica y estrategia en las defensas penales 
300 |a 126 p 
942 |c BK 
945 |d 20071207 00:00:00  |a jtorresc 
260 |a Santiago  |b Sociedad Editora Metropolitana  |c 2003 
650 0 |a Derecho procesal penal   |9 256392 
650 0 |a Reforma procesal penal   |9 471095 
650 7 |a DEFENSA PENAL  |2 CL-VaPUC  |9 525524 
650 7 |a PROCESO  |2 CL-VaPUC  |9 335377 
650 0 |a Juicio oral  |9 455093 
583 |a last modification  |c 20071207 00:00:00  |k Rodrigo Vera 
999 |c 327967  |d 327965 
952 |0 0  |1 0  |4 0  |6 345_830500000000000_POZ_2003  |7 0  |8 A  |9 411550  |a BIBDER  |b BIBDER  |d 2019-11-22  |i 439402K  |l 1  |o 345.8305 POZ 2003  |p 439402K  |r 2024-09-03  |s 2024-08-28  |w 2019-11-22  |y BK  |k DER